|
|
|
|
| LEADER |
00000csc a2200000 a 4500 |
| 001 |
60773 |
| 005 |
20230308211940.0 |
| 008 |
980121|1974 ||||||||r|||||||||||spa|| |
| 040 |
|
|
|b spa
|
| 041 |
1 |
|
|a spa
|
| 082 |
0 |
|
|a 144
|
| 100 |
1 |
|
|a Levinas, Emmanuel
|9 209962
|
| 245 |
|
|
|a Humanismo del otro hombre
|c Emmanuel Levinas. Trad. de Daniel Enrique Guillot
|h imp
|
| 264 |
|
|
|a México
|b Siglo Veintiuno
|c 1974
|
| 300 |
|
|
|a 136 páginas:
|c 18 cm
|
| 490 |
|
|
|a Filosofía
|
| 650 |
|
|
|a Humanismo
|9 260
|
| 650 |
|
|
|a Filosofia contemporanea
|9 289786
|
| 650 |
|
|
|a Subjetividad
|9 48252
|
| 852 |
|
|
|a UC-CDJBV
|c ESTANTERIA CERRADA
|f Compra
|k rocio.campoverde
|l 1
|m General
|p 19801218
|q 1.00
|r 2
|t 60773
|b 0
|d CDRC
|e CDRC
|g 144 ESTANTERIA CERRADA
|z 1980-01-21
|
| 942 |
|
|
|
| 999 |
|
|
|c 120425
|d 120425
|